<?xml version='1.0' encoding='UTF-8'?><?xml-stylesheet href='static/style.xsl' type='text/xsl'?><OAI-PMH xmlns="http://www.openarchives.org/OAI/2.0/" xmlns:xsi="http://www.w3.org/2001/XMLSchema-instance" xsi:schemaLocation="http://www.openarchives.org/OAI/2.0/ http://www.openarchives.org/OAI/2.0/OAI-PMH.xsd"><responseDate>2026-05-01T06:12:13Z</responseDate><request verb="GetRecord" identifier="oai:ebiltegia.mondragon.edu:20.500.11984/1809" metadataPrefix="marc">https://ebiltegia.mondragon.edu/oai/request</request><GetRecord><record><header><identifier>oai:ebiltegia.mondragon.edu:20.500.11984/1809</identifier><datestamp>2026-02-24T09:20:36Z</datestamp><setSpec>com_20.500.11984_473</setSpec><setSpec>col_20.500.11984_478</setSpec></header><metadata><record xmlns="http://www.loc.gov/MARC21/slim" xmlns:dcterms="http://purl.org/dc/terms/" xmlns:xsi="http://www.w3.org/2001/XMLSchema-instance" xmlns:doc="http://www.lyncode.com/xoai" xsi:schemaLocation="http://www.loc.gov/MARC21/slim http://www.loc.gov/standards/marcxml/schema/MARC21slim.xsd">
   <leader>00925njm 22002777a 4500</leader>
   <datafield ind2=" " ind1=" " tag="042">
      <subfield code="a">dc</subfield>
   </datafield>
   <datafield ind2=" " ind1=" " tag="720">
      <subfield code="a">Alegre García, Raul</subfield>
      <subfield code="e">author</subfield>
   </datafield>
   <datafield ind2=" " ind1=" " tag="720">
      <subfield code="a">ARRAZOLA, PEDRO JOSE</subfield>
      <subfield code="e">author</subfield>
   </datafield>
   <datafield ind2=" " ind1=" " tag="260">
      <subfield code="c">2020</subfield>
   </datafield>
   <datafield ind2=" " ind1=" " tag="520">
      <subfield code="a">This study generated novel behavioural data for three engineering steels undergoing a turning process. The materialswere hardened 410, PH13-8Mo and 300M, two stainless steels and one high strength steel respectively. A primary aimwas obtaining lowmachined surface roughness. A surface finish investigation compared tool geometries and tool materials.Multi-response cutting parameter screening was undertaken using a novel trade study&#xd;
and iteration method, where the calculated cut quality was used to identify better feed rates and surface speeds.&#xd;
In addition the sub-surface machined microstructure was examined.&#xd;
Tools with a small nose radius produced the roughest surfaces. A surface roughness below 0.4 μm Ra could be consistently achieved on all three materials using rhombic wiper inserts and a feed rate up to 0.1 mm/rev. PH13-8Mo had the lowest machined surface roughness, as low as 0.11 μm in terms of Ra. In the parameter screening stage a generalised recommendation for good cut quality was a surface speed of at least 120 m/min&#xd;
and a feed rate of 0.088mm/rev. The microstructure examination showed that for all materials under the conditions tested, therewas no evidence ofwhite amorphous layer formation and therewas grain deformation for the 410 material only.</subfield>
   </datafield>
   <datafield ind1="8" ind2=" " tag="024">
      <subfield code="a">0264-1275</subfield>
   </datafield>
   <datafield ind1="8" ind2=" " tag="024">
      <subfield code="a">https://katalogoa.mondragon.edu/janium-bin/janium_login_opac.pl?find&amp;ficha_no=159514</subfield>
   </datafield>
   <datafield ind1="8" ind2=" " tag="024">
      <subfield code="a">https://hdl.handle.net/20.500.11984/1809</subfield>
   </datafield>
   <datafield tag="653" ind2=" " ind1=" ">
      <subfield code="a">Hardened steels</subfield>
   </datafield>
   <datafield tag="653" ind2=" " ind1=" ">
      <subfield code="a">Turning</subfield>
   </datafield>
   <datafield tag="653" ind2=" " ind1=" ">
      <subfield code="a">Surface finish</subfield>
   </datafield>
   <datafield tag="653" ind2=" " ind1=" ">
      <subfield code="a">Machinability</subfield>
   </datafield>
   <datafield ind2="0" ind1="0" tag="245">
      <subfield code="a">Investigating the performance of 410, PH13-8Mo and 300M steelsin a turning process with a focus on surfacefinish</subfield>
   </datafield>
</record></metadata></record></GetRecord></OAI-PMH>